| Поле | Инд. | ПП | Название | Значение |
|---|---|---|---|---|
| Тип записи | a | |||
| Библиографический уровень | b | |||
| 001 | Контрольный номер | RU/IS/BASE/103659046 | ||
| 005 | Дата корректировки | 20210120105821.6 | ||
| 084 | a | Индекс другой классификации/Индекс ББК | 88.415-8; 88.93 | |
| 097 | 00 | a | 750 | |
| 100 | 10 | a | Автор | Круглова Н. А. |
| 245 | 00 | a | Заглавие | Некоторые особенности возникновения наркомании в подростковом возрасте |
| 504 | 00 | a | Библиография | Библиогр.: с. 27 - 32 |
| 650 | 04 | a | Основная рубрика | детская психология |
| a | Основная рубрика | возрастная психология | ||
| a | Основная рубрика | психология | ||
| a | Основная рубрика | практическая психология (прикладная психология) | ||
| a | Основная рубрика | психокоррекция | ||
| 653 | 00 | a | Ключевые слова | акцентуация характера |
| a | Ключевые слова | асоциальные семьи | ||
| a | Ключевые слова | возрастные особенности | ||
| a | Ключевые слова | девиантное поведение | ||
| a | Ключевые слова | детская наркомания | ||
| a | Ключевые слова | мотивация поведения | ||
| a | Ключевые слова | наркомания | ||
| a | Ключевые слова | наркотическая зависимость | ||
| a | Ключевые слова | общая психология | ||
| a | Ключевые слова | поведение | ||
| a | Ключевые слова | подростки | ||
| a | Ключевые слова | профилактика наркомании | ||
| a | Ключевые слова | психическая регуляция | ||
| a | Ключевые слова | семейные отношения | ||
| a | Ключевые слова | тип акцентуации | ||
| a | Ключевые слова | употребление наркотиков | ||
| a | Ключевые слова | физиологические предпосылки | ||
| a | Ключевые слова | эмансипация | ||
| 773 | 00 | t | Заглавие источника | Журнал прикладной психологии |
| d | Дата издания источника | 2000 | ||
| g | Прочая информация | № 2. - С. 27 - 32 | ||
| w | Контрольный № источника | RU/IS/BASE/142087150 | ||
| 901 | t | Тип документа | b |